Razón y pasión en ética
Guardat en:
| Autor principal: | |
|---|---|
| Format: | Llibre |
| Idioma: | espanyol |
| Publicat: |
Barcelona
Anthropos
1986
|
| Col·lecció: | Pensamiento Crítico. Pensamiento Utópico, 19
|
| Matèries: | |
| Etiquetes: |
Afegir etiqueta
Sense etiquetes, Sigues el primer a etiquetar aquest registre!
|
MARC
| LEADER | 00000nam a2200000 a 4500 | ||
|---|---|---|---|
| 001 | UCY1304 | ||
| 003 | CL-VaPUC | ||
| 008 | 940826e19860000SP |||||||||||||||||spa|d | ||
| 020 | |a 847658251X | ||
| 082 | 0 | 4 | |a 170 |b GUI |2 21 |
| 100 | |a Guisán, Esperanza |e author |9 602882 | ||
| 245 | 1 | 0 | |a Razón y pasión en ética |
| 246 | 1 | 4 | |a Los dilemas de la ética contemporanea |
| 300 | |a 364 p | ||
| 942 | |c BK | ||
| 945 | |d 19940826 00:00:00 |a aalvarez | ||
| 260 | |a Barcelona |b Anthropos |c 1986 | ||
| 650 | 0 | |a Ética |9 255099 | |
| 650 | 0 | |a Libertad |9 255686 | |
| 650 | 0 | |a Responsabilidad moral |9 311092 | |
| 650 | 0 | |a Voluntad |9 307812 | |
| 650 | 0 | |a Relativismo |9 322356 | |
| 650 | 0 | |a Aspectos religiosos |9 257320 | |
| 650 | 0 | |a Aspectos legales |9 323328 | |
| 650 | 7 | |a EMOTIVIDAD |2 CL-VaPUC |9 329255 | |
| 650 | 0 | |a Felicidad |9 257029 | |
| 650 | 0 | |a Hedonismo |9 329256 | |
| 650 | 0 | |a Justicia |9 255408 | |
| 583 | |a last modification |c 19940826 00:00:00 |k Rodrigo Vera | ||
| 490 | 0 | |a Pensamiento Crítico. Pensamiento Utópico, 19 | |
| 999 | |c 230052 |d 230050 | ||
| 952 | |0 0 |1 2 |4 0 |6 170_000000000000000_GUI_1986 |7 0 |8 A |9 231903 |a BIBTEO |b BIBTEO |d 2019-11-15 |i 3012794 |o 170 GUI 1986 |p 3012794 |r 2019-11-15 |w 2019-11-15 |x Descarte 2019 |y BK |k ICR | ||